[Event "1. OEsterreichische Internet Schach Meisterschaft - Vorrunde 1"]
[Site "Online - Playchess.com"]
[Date ""]
[Round "5"]
[Board "53"]
[White "Haemmerle, Dietmar"]
[Black "Kienboeck, Benjamin"]
[Result "0-1"]
[WhiteElo "1762"]
[BlackElo "1922"]
[PlyCount "150"]
[EventDate "2020.04.11"]
[EventRounds "9"]
[EventCountry "AUT"]

1. Nf3 d5 2. c4 e6 3. e3 Nf6 4. Nc3 a6 5. d4 dxc4 6. Bxc4 b5 7. Be2 Bb7 8. a3
Bd6 9. h3 O-O 10. O-O c5 11. dxc5 Bxc5 12. Qc2 Qe7 13. b4 Bb6 14. Bb2 Nbd7 15.
Rad1 Rac8 16. Qb1 Rfd8 17. Rd2 Nf8 18. Rfd1 Ba7 19. Rxd8 Rxd8 20. Rxd8 Qxd8 21.
Bd3 Bb8 22. Nd2 Qc7 23. g3 Ng6 24. Nce4 Nxe4 25. Bxe4 Bxe4 26. Qxe4 Ne5 27. Qd4
f6 28. f4 Nd7 29. Ne4 Kh8 30. Nc5 Nxc5 31. bxc5 h6 32. Kf2 Qe7 33. Qe4 Qxc5 34.
Bd4 Qxa3 35. Qxe6 Bd6 36. Qe8+ Bf8 37. h4 Qe7 38. Qc6 Qd6 39. Qe8 f5 40. h5 b4
41. Qa4 Kh7 42. Qb3 a5 43. Qd3 Qd5 44. Qa6 b3 45. Qg6+ Kg8 46. Bb2 Qd2+ 47. Kf3
Qxb2 48. Qe6+ Kh8 49. Qf7 Qf6 50. Qxb3 Bb4 51. Qa4 Qe7 52. Qb5 Qe4+ 53. Kf2 Bd2
54. Qb8+ Kh7 55. Qb6 a4 56. Qg6+ Kh8 57. Qa6 Qxe3+ 58. Kf1 Qf3+ 59. Kg1 Qxg3+
60. Kh1 Qh4+ 61. Kg2 Qg4+ 62. Kh1 Qf3+ 63. Kg1 Be3+ 64. Kh2 Qxh5+ 65. Kg2 Qg4+
66. Kf1 Qg1+ 67. Ke2 Qf2+ 68. Kd3 Qf1+ 69. Kxe3 Qxa6 70. Kf3 a3 71. Kg3 a2 72.
Kh4 a1=Q 73. Kg3 Q1a3+ 74. Kh4 Qb6 75. Kh5 Qh3#  0-1

[Event "1. OEsterreichische Internet Schach Meisterschaft - Vorrunde 1"]
[Site "Online - Playchess.com"]
[Date ""]
[Round "5"]
[Board "54"]
[White "Lammer, Michael"]
[Black "Kwech, Andreas"]
[Result "0-1"]
[WhiteElo "1499"]
[BlackElo "1901"]
[PlyCount "132"]
[EventDate "2020.04.11"]
[EventRounds "9"]
[EventCountry "AUT"]

1. e4 c5 2. Bc4 d6 3. c3 g6 4. Qf3 Nf6 5. Qd1 Bg7 6. d3 O-O 7. Nf3 e6 8. h4 d5
9. exd5 exd5 10. Bb3 Re8+ 11. Kf1 Bg4 12. Nbd2 Nc6 13. Qc2 Qd6 14. c4 d4 15.
Ne4 Nxe4 16. dxe4 Nb4 17. Qd2 Rxe4 18. a3 Nc6 19. Ng5 Re7 20. Qf4 Qxf4 21. Bxf4
h6 22. Nh3 Rd8 23. f3 Bxh3 24. Rxh3 d3 25. Bd2 Bxb2 26. Rb1 Bxa3 27. Ba2 Bb4
28. Bxb4 Nxb4 29. Bb3 d2 30. Rd1 Rd3 31. Ba4 Ra3 32. Bb5 a6 33. Bxa6 Nxa6 34.
Rxd2 Nb4 35. Rd8+ Kg7 36. Rc8 b6 37. f4 Rxh3 38. gxh3 Re6 39. Kf2 Rd6 40. Kf3
Nd3 41. Ke4 Kf6 42. Rc7 Nb2 43. Rc8 Nxc4 44. Rc7 Nd2+ 45. Ke3 Nb3 46. Rb7 Nd4
47. Ra7 b5 48. Rb7 c4 49. Rc7 Ke6 50. Ra7 c3 51. Kd3 Nc6+ 52. Kxc3 Nxa7 53. Kb4
Kf5 54. Kc5 Re6 55. Kd5 Kxf4 56. h5 gxh5 57. h4 b4 58. Kc4 Ke4 59. Kxb4 Rc6 60.
Kb3 f5 61. Kb4 f4 62. Kb3 f3 63. Kb2 f2 64. Kb1 f1=Q+ 65. Kb2 Qb5+ 66. Ka3 Ra6#
 0-1

[Event "1. OEsterreichische Internet Schach Meisterschaft - Vorrunde 1"]
[Site "Online - Playchess.com"]
[Date ""]
[Round "5"]
[Board "55"]
[White "Janes, Christian"]
[Black "Fugger, Christian"]
[Result "1/2-1/2"]
[WhiteElo "1740"]
[BlackElo "1818"]
[PlyCount "101"]
[EventDate "2020.04.11"]
[EventRounds "9"]
[EventCountry "AUT"]

1. e4 c5 2. Nf3 d6 3. c3 Nf6 4. e5 dxe5 5. Nxe5 Nbd7 6. Bb5 a6 7. Bxd7+ Bxd7 8.
Nxd7 Qxd7 9. O-O e6 10. Qf3 Bd6 11. d4 cxd4 12. cxd4 h6 13. Be3 O-O 14. Nc3
Rac8 15. Rad1 Rfd8 16. a3 Bb8 17. Bf4 Bxf4 18. Qxf4 Nd5 19. Qd2 Qe7 20. Nxd5
Rxd5 21. Rfe1 Rcd8 22. Qe3 Qf6 23. Qc3 Qf4 24. g3 Qg5 25. Rd3 e5 26. Rxe5 Rxe5
27. dxe5 Rxd3 28. Qxd3 Qxe5 29. Qd8+ Kh7 30. Qd3+ g6 31. b4 Kg7 32. Kg2 b5 33.
h4 g5 34. hxg5 hxg5 35. g4 f6 36. f3 Qe7 37. Kg3 Qc7+ 38. Kg2 Qc4 39. Qd7+ Kg6
40. Qf5+ Kg7 41. Qd7+ Qf7 42. Qd6 Qa2+ 43. Kg3 Qxa3 44. Qe7+ Kg6 45. Qe8+ Kh7
46. Qf7+ Kh8 47. Qxf6+ Kh7 48. Qf7+ Kh6 49. Qf6+ Kh7 50. Qf7+ Kh6 51. Qf6+
 1/2-1/2

[Event "1. OEsterreichische Internet Schach Meisterschaft - Vorrunde 1"]
[Site "Online - Playchess.com"]
[Date ""]
[Round "5"]
[Board "56"]
[White "Morgunov, Marc"]
[Black "Teuschler, Hugo"]
[Result "1-0"]
[WhiteElo "2341"]
[BlackElo "2055"]
[PlyCount "91"]
[EventDate "2020.04.11"]
[EventRounds "9"]
[EventCountry "AUT"]

1. e4 c5 2. Nf3 d6 3. Bb5+ Nd7 4. O-O a6 5. Bd3 b5 6. c3 g6 7. Re1 Bg7 8. Bc2
c4 9. d4 cxd3 10. Qxd3 Bb7 11. Qe2 Qc7 12. a4 bxa4 13. Bxa4 Bc6 14. Bxc6 Qxc6
15. Nd4 Qb7 16. Be3 Ngf6 17. f3 O-O 18. Na3 a5 19. Qb5 Rfb8 20. Qxb7 Rxb7 21.
Nc4 a4 22. Ra2 Nc5 23. b4 Nd3 24. Rd1 Ne5 25. Nxe5 dxe5 26. Nc6 Ne8 27. Bc5 Nd6
28. Nxe7+ Rxe7 29. Rxd6 Rc7 30. Rd5 f6 31. c4 Bf8 32. Bxf8 Kxf8 33. Ra5 Rxa5
34. bxa5 Rxc4 35. a6 Rc7 36. Rxa4 Ra7 37. Kf2 Ke7 38. Ke3 Ke6 39. Kd3 h5 40.
Kc4 f5 41. Kc5 fxe4 42. fxe4 Kf6 43. Kb6 Ra8 44. a7 Kg5 45. Kb7 Re8 46. a8=Q
 1-0

[Event "1. OEsterreichische Internet Schach Meisterschaft - Vorrunde 1"]
[Site "Online - Playchess.com"]
[Date ""]
[Round "5"]
[Board "57"]
[White "Guetz, Wolfgang"]
[Black "Schroll, Gerhard"]
[Result "1-0"]
[WhiteElo "2078"]
[BlackElo "2321"]
[PlyCount "55"]
[EventDate "2020.04.11"]
[EventRounds "9"]
[EventCountry "AUT"]

1. e4 Nf6 2. e5 Nd5 3. d4 d6 4. exd6 exd6 5. Bd3 Be7 6. Nf3 Nb4 7. c3 Nxd3+ 8.
Qxd3 O-O 9. O-O c6 10. h3 d5 11. Bf4 Nd7 12. Nbd2 Nf6 13. Rfe1 Bd6 14. Bxd6
Qxd6 15. Ne5 b6 16. a4 Be6 17. a5 c5 18. axb6 axb6 19. Ra6 c4 20. Nexc4 dxc4
21. Nxc4 Bxc4 22. Qxc4 Rxa6 23. Qxa6 Nd5 24. Ra1 Nf4 25. Qb5 Qg6 26. Qf1 Nxh3+
27. Kh2 Nf4 28. g3  1-0

[Event "1. OEsterreichische Internet Schach Meisterschaft - Vorrunde 1"]
[Site "Online - Playchess.com"]
[Date ""]
[Round "5"]
[Board "58"]
[White "Schein, Alexander"]
[Black "Stolzlechner, Thomas"]
[Result "0-1"]
[WhiteElo "1631"]
[BlackElo "2037"]
[PlyCount "30"]
[EventDate "2020.04.11"]
[EventRounds "9"]
[EventCountry "AUT"]

1. e4 e5 2. Nf3 Nc6 3. Bc4 Nf6 4. Ng5 d5 5. exd5 Na5 6. Bb5+ c6 7. dxc6 bxc6 8.
Be2 h6 9. Nf3 e4 10. Ne5 Bd6 11. Nc4 Nxc4 12. Bxc4 O-O 13. O-O Bxh2+ 14. Kxh2
Ng4+ 15. Kh1 Qh4+  0-1

[Event "1. OEsterreichische Internet Schach Meisterschaft - Vorrunde 1"]
[Site "Online - Playchess.com"]
[Date ""]
[Round "5"]
[Board "60"]
[White "Heinritz, Dietmar"]
[Black "Moerwald, Miriam"]
[Result "1-0"]
[WhiteElo "1887"]
[BlackElo "1760"]
[PlyCount "151"]
[EventDate "2020.04.11"]
[EventRounds "9"]
[EventCountry "AUT"]

1. d4 d5 2. e4 e6 3. e5 c5 4. c3 Nc6 5. Nf3 Bd7 6. Bd3 cxd4 7. cxd4 Qb6 8. Bc2
Rc8 9. a3 Nge7 10. Nc3 Ng6 11. O-O Be7 12. g3 O-O 13. h4 Rfd8 14. h5 Nf8 15.
Qd3 Na5 16. b4 Nc4 17. Na4 Qc7 18. Nc5 Bb5 19. Qb3 b6 20. Nd3 Nxa3 21. Rxa3
Qxc2 22. Qxc2 Rxc2 23. Rxa7 Bxd3 24. Rxe7 Bxf1 25. Bg5 Be2 26. Kg2 Bxf3+ 27.
Kxf3 Rdc8 28. Rb7 R8c3+ 29. Kg2 Rc8 30. Rxb6 R2c4 31. Be3 Nd7 32. Rd6 Nb8 33.
b5 Rb4 34. b6 Rb5 35. Bg5 Nc6 36. Be3 Rxb6 37. Rd7 h6 38. g4 Nb4 39. g5 Rbc6
40. g6 R6c7 41. gxf7+ Kf8 42. Rd6 Rc6 43. Rd7 R6c7 44. Rd6 Nd3 45. Rxe6 Ne1+
46. Kf1 Nd3 47. Ke2 Nb4 48. Rb6 Rxf7 49. Rxb4 Rc2+ 50. Kd3 Rc6 51. Rb8+ Ke7 52.
Rb7+ Ke6 53. Rb8 Ra6 54. Rd8 Ra3+ 55. Ke2 Rc7 56. Rd6+ Ke7 57. Rxd5 Rc2+ 58.
Kf3 Rc6 59. Ke4 Re6 60. Rb5 Raa6 61. Rb7+ Kf8 62. d5 Ra4+ 63. Kf5 Re8 64. Bc5+
Kg8 65. e6 Rf8+ 66. Ke5 Rh4 67. Bxf8 Rxh5+ 68. Kd6 Kxf8 69. Rf7+ Kg8 70. Rf4 g5
71. e7 g4 72. e8=Q+ Kg7 73. Qxh5 Kh8 74. Rxg4 Kh7 75. Qg6+ Kh8 76. Qg8#  1-0

[Event "1. OEsterreichische Internet Schach Meisterschaft - Vorrunde 1"]
[Site "Online - Playchess.com"]
[Date ""]
[Round "5"]
[Board "61"]
[White "Moerwald, Magdalena"]
[Black "Messner, Andreas"]
[Result "0-1"]
[WhiteElo "1791"]
[BlackElo "1856"]
[PlyCount "114"]
[EventDate "2020.04.11"]
[EventRounds "9"]
[EventCountry "AUT"]

1. e4 c5 2. Nf3 d6 3. d4 cxd4 4. Qxd4 Nc6 5. Bb5 Bd7 6. Bxc6 Bxc6 7. Nc3 Nf6 8.
Bg5 e5 9. Qd3 Be7 10. O-O-O O-O 11. Bxf6 Bxf6 12. Qxd6 Qb6 13. Qd2 Rfd8 14. Qe3
Qxe3+ 15. fxe3 g5 16. h4 g4 17. Ng5 h6 18. Nxf7 Kxf7 19. Rhf1 Rxd1+ 20. Kxd1
Rd8+ 21. Ke2 Ke6 22. g3 h5 23. Rf5 Bxe4 24. Rxf6+ Kxf6 25. Nxe4+ Kf5 26. Nc5
Rc8 27. b4 b6 28. Nb7 Rxc2+ 29. Kd3 Rxa2 30. Nd6+ Ke6 31. Ne8 a5 32. Ng7+ Kf7
33. Nxh5 axb4 34. Kc4 Ra3 35. Kxb4 Rxe3 36. Kb5 Rb3+ 37. Kc4 Rb1 38. Kd5 b5 39.
Kxe5 b4 40. Kd4 Rc1 41. Nf4 b3 42. Nd3 Rg1 43. Ne5+ Ke6 44. Nc4 Rxg3 45. Ke4
Rc3 46. Nb2 Rc2 47. Nd3 b2 48. Nxb2 Rxb2 49. Kf4 Rb4+ 50. Kg3 Kf6 51. h5 Kg5
52. Kh2 Kxh5 53. Kg2 Kh4 54. Kh1 Rb2 55. Kg1 Kh3 56. Kh1 g3 57. Kg1 Rb1#  0-1

[Event "1. OEsterreichische Internet Schach Meisterschaft - Vorrunde 1"]
[Site "Online - Playchess.com"]
[Date ""]
[Round "5"]
[Board "62"]
[White "Rotter, Harald"]
[Black "Schwarz, Benedikt"]
[Result "1-0"]
[WhiteElo "1854"]
[BlackElo "1815"]
[PlyCount "145"]
[EventDate "2020.04.11"]
[EventRounds "9"]
[EventCountry "AUT"]

1. e4 e6 2. d4 d5 3. exd5 exd5 4. Bd3 Nf6 5. Bg5 Be7 6. Nc3 c6 7. Nge2 O-O 8.
Qd2 Na6 9. a3 Nc7 10. O-O Ne6 11. Bh4 Qc7 12. Bg3 Bd6 13. Rae1 Bxg3 14. Nxg3
Nf4 15. Nce2 Nxd3 16. Qxd3 Re8 17. Kh1 Bg4 18. f3 Be6 19. Qd2 Re7 20. Nf4 Rae8
21. Nd3 Nd7 22. Qg5 h6 23. Qd2 Qb6 24. c3 Qc7 25. Nh5 b6 26. Ndf4 Qd6 27. Nxe6
Rxe6 28. Rxe6 Qxe6 29. Nf4 Qe3 30. Qxe3 Rxe3 31. Kg1 Kf8 32. Kf2 Re8 33. Nd3 f6
34. Nb4 c5 35. dxc5 Nxc5 36. Rd1 Na4 37. Rd2 Nc5 38. Rxd5 Ke7 39. Rd2 Kf7 40.
Nc6 Re6 41. Nxa7 Re7 42. Nb5 Rd7 43. Rxd7+ Nxd7 44. Nd6+ Ke6 45. Ne4 Kd5 46.
Ke3 Kc4 47. Kd2 Kb3 48. Kc1 Ne5 49. Nd6 Ka4 50. Ne8 Kb3 51. Nxg7 Nc4 52. Nf5 h5
53. Nd4+ Ka4 54. Nc6 Kb3 55. Nd4+ Ka4 56. h4 b5 57. g4 hxg4 58. fxg4 Ne3 59. g5
fxg5 60. hxg5 Nd5 61. g6 Nf6 62. g7 Ng8 63. Nc6 Kb3 64. Nd4+ Kc4 65. Kc2 Nf6
66. Ne6 Ng8 67. b3+ Kd5 68. Nc7+ Kc6 69. Ne6 Kd6 70. Nd4 Kc5 71. Kd3 Kd5 72.
Nxb5 Kc5 73. Nd4 {BS2000 gibt auf}  1-0

[Event "1. OEsterreichische Internet Schach Meisterschaft - Vorrunde 1"]
[Site "Online - Playchess.com"]
[Date ""]
[Round "5"]
[Board "63"]
[White "Virag, Herbert"]
[Black "Kwech, Martin"]
[Result "1/2-1/2"]
[WhiteElo "1772"]
[BlackElo "1105"]
[PlyCount "40"]
[EventDate "2020.04.11"]
[EventRounds "9"]
[EventCountry "AUT"]

1. d4 d5 2. Bf4 e6 3. e3 Nf6 4. Nd2 Bd6 5. Bg3 O-O 6. Ngf3 c5 7. c3 cxd4 8.
exd4 Nc6 9. Bd3 h6 10. Ne5 Bxe5 11. dxe5 Nd7 12. f4 f6 13. Qg4 Qe7 14. O-O fxe5
15. Qg6 e4 16. Nxe4 dxe4 17. Bxe4 Nf6 18. Bc2 Bd7 19. Bh4 Qf7 20. Qd3 Rfd8
 1/2-1/2

[Event "1. OEsterreichische Internet Schach Meisterschaft - Vorrunde 1"]
[Site "Online - Playchess.com"]
[Date ""]
[Round "5"]
[Board "64"]
[White "Maister, Dieter"]
[Black "Chen, Qingxia"]
[Result "0-1"]
[WhiteElo "1851"]
[BlackElo "1776"]
[PlyCount "72"]
[EventDate "2020.04.11"]
[EventRounds "9"]
[EventCountry "AUT"]

1. e4 e5 2. Nf3 Nc6 3. Bc4 Bc5 4. c3 Nf6 5. d4 exd4 6. cxd4 Bb4+ 7. Nc3 O-O 8.
e5 Ne4 9. O-O Nxc3 10. bxc3 Bxc3 11. Rb1 d5 12. Bd3 Bg4 13. Bxh7+ Kh8 14. Bc2
Nxd4 15. h3 Nxf3+ 16. gxf3 Bxh3 17. Qd3 Qh4 18. Qxc3 Bxf1 19. Kxf1 d4 20. Qxc7
Rac8 21. Qd6 Kg8 22. Ba3 Rfd8 23. Qe7 Qh1+ 24. Ke2 Rxc2+ 25. Kd3 Rc3+ 26. Ke4
Qh7+ 27. Kf4 Rdc8 28. Rxb7 Qh6+ 29. Kg3 Qg6+ 30. Kf4 d3 31. Rd7 R3c4+ 32. Ke3
Qh6+ 33. Kxd3 Rc3+ 34. Kd4 Qf4+ 35. Kd5 Qc4+ 36. Kd6 Qc6#  0-1

[Event "1. OEsterreichische Internet Schach Meisterschaft - Vorrunde 1"]
[Site "Online - Playchess.com"]
[Date ""]
[Round "5"]
[Board "65"]
[White "Kainz, Josef"]
[Black "Huber, Guenther"]
[Result "0-1"]
[WhiteElo "2005"]
[BlackElo "1979"]
[PlyCount "120"]
[EventDate "2020.04.11"]
[EventRounds "9"]
[EventCountry "AUT"]

1. d4 e6 2. c4 b6 3. Nf3 Bb7 4. Nc3 Bb4 5. Qc2 f5 6. Bd2 Nf6 7. a3 Bxc3 8. Bxc3
O-O 9. e3 d6 10. Be2 Qe7 11. O-O Be4 12. Qd2 Nbd7 13. b4 h6 14. a4 Nh7 15. b5
Rad8 16. a5 e5 17. axb6 axb6 18. Bb4 Bxf3 19. Bxf3 Ng5 20. Bh5 Nf6 21. dxe5
Nxh5 22. exd6 cxd6 23. Rfd1 Ne4 24. Qd5+ Qf7 25. Qc6 Qf6 26. Ra7 Rf7 27. Rda1
Kh7 28. h3 Rdf8 29. Ra8 g6 30. Rxf8 Rxf8 31. Qxb6 Qxa1+ 32. Kh2 Qe5+ 33. Kg1
Rf7 34. f3 Neg3 35. Bxd6 Qe6 36. Qb8 Qxe3+ 37. Kh2 Nf1+ 38. Kh1 Qe6 39. Be5 Ng7
40. c5 Re7 41. f4 Ng3+ 42. Kh2 Ne4 43. c6 g5 44. c7 Re8 45. Qa7 Rc8 46. b6 gxf4
47. Bxg7 Kxg7 48. Qa1+ Nf6 49. Qb2 f3 50. b7 Qd6+ 51. g3 Qxc7 52. bxc8=Q Qxc8
53. g4 fxg4 54. hxg4 Qc7+ 55. Kh3 Qf4 56. Qb7+ Kg6 57. g5 hxg5 58. Qa8 Qf5+ 59.
Kg3 Qf4+ 60. Kf2 g4 {Zeit}  0-1

[Event "1. OEsterreichische Internet Schach Meisterschaft - Vorrunde 1"]
[Site "Online - Playchess.com"]
[Date ""]
[Round "5"]
[Board "66"]
[White "Gschiel, Alexander"]
[Black "Schneider-Zinner, Werner"]
[Result "0-1"]
[WhiteElo "1908"]
[BlackElo "1967"]
[PlyCount "94"]
[EventDate "2020.04.11"]
[EventRounds "9"]
[EventCountry "AUT"]

1. d4 Nf6 2. c4 g6 3. Nc3 d5 4. cxd5 Nxd5 5. e4 Nxc3 6. bxc3 Bg7 7. Bb5+ Bd7 8.
Bd3 O-O 9. Ne2 c5 10. Be3 Nc6 11. O-O cxd4 12. cxd4 b6 13. Rc1 Na5 14. d5 Rc8
15. Nd4 Rxc1 16. Qxc1 e5 17. dxe6 Bxe6 18. Nxe6 fxe6 19. Bb5 Qe7 20. Rd1 Qb4
21. a4 Nb3 22. Qc7 Nc5 23. f3 Qb3 24. Re1 Nd3 25. Bxd3 Qxd3 26. Qxa7 Bd4 27.
Bxd4 Qxd4+ 28. Kh1 Rd8 29. h3 Qd2 30. Rb1 Rd6 31. Rxb6 Qc1+ 32. Kh2 Qf4+ 33.
Kg1 Rd1+ 34. Kf2 Rd2+ 35. Kf1 Rd1+ 36. Kf2 Qd2+ 37. Kg3 Qg5+ 38. Kf2 Qh4+ 39.
Ke3 Qe1+ 40. Kf4 Qd2+ 41. Ke5 Qc3+ 42. Kxe6 Qc4+ 43. Ke5 Qc5+ 44. Kf6 Qd4+ 45.
e5 Qf4+ 46. Ke6 Qf5+ 47. Ke7 Qf7#  0-1

[Event "1. OEsterreichische Internet Schach Meisterschaft - Vorrunde 1"]
[Site "Online - Playchess.com"]
[Date ""]
[Round "5"]
[Board "67"]
[White "Astner, Klaus"]
[Black "Gallob, Marko"]
[Result "0-1"]
[WhiteElo "1409"]
[BlackElo "1961"]
[PlyCount "124"]
[EventDate "2020.04.11"]
[EventRounds "9"]
[EventCountry "AUT"]

1. d4 f5 2. c4 Nf6 3. Nc3 g6 4. Bg5 Bg7 5. Nf3 O-O 6. e3 d6 7. Be2 c5 8. d5 e6
9. dxe6 Bxe6 10. Rb1 Nc6 11. a3 Ne5 12. O-O Qc7 13. Nb5 Qb6 14. Qxd6 Nxf3+ 15.
Bxf3 Rab8 16. Qxb6 axb6 17. Nd6 Nd7 18. b3 Ne5 19. Bxb7 h6 20. Be7 Rfe8 21.
Nxe8 Rxb7 22. Bd6 Bh8 23. Bxe5 Bxe5 24. f4 Bb8 25. Nf6+ Kf7 26. Nh7 Kg7 27. Ng5
hxg5 28. fxg5 Ra7 29. a4 Be5 30. g3 Bc8 31. Kf2 Bb7 32. Rfd1 Be4 33. Rbc1 Bb2
34. Rb1 Bxb1 35. Rxb1 Be5 36. Rd1 Kf7 37. Kf3 Ke7 38. h4 Rd7 39. Rxd7+ Kxd7 40.
e4 Ke6 41. exf5+ Kxf5 42. g4+ Ke6 43. Ke4 Bg3 44. h5 Kf7 45. h6 Be1 46. Ke5 Bd2
47. h7 Kg7 48. h8=Q+ Kxh8 49. Kf6 Kh7 50. Ke6 Bxg5 51. Kd6 Bd2 52. Kc6 Ba5 53.
Kb5 Kg7 54. Kc6 Kf6 55. Kd5 Kg5 56. Ke4 Kxg4 57. Ke3 Kg3 58. Kd3 g5 59. Kc2 g4
60. Kd3 Kf2 61. Ke4 g3 62. Kf4 g2 {ConteMamai gibt auf}  0-1

[Event "1. OEsterreichische Internet Schach Meisterschaft - Vorrunde 1"]
[Site "Online - Playchess.com"]
[Date ""]
[Round "5"]
[Board "68"]
[White "Huliak, Peter"]
[Black "Kratochwill, Christian"]
[Result "1-0"]
[WhiteElo "1958"]
[BlackElo "1717"]
[PlyCount "57"]
[EventDate "2020.04.11"]
[EventRounds "9"]
[EventCountry "AUT"]

1. e4 e5 2. Nc3 Nc6 3. Bc4 Nf6 4. f3 d6 5. d3 Be6 6. Bb3 Be7 7. Nge2 O-O 8. O-O
Na5 9. f4 Nxb3 10. axb3 exf4 11. Nxf4 Bg4 12. Qe1 c6 13. h3 Bd7 14. Be3 Qc7 15.
Qg3 Rfe8 16. Bd4 Qd8 17. Rf3 c5 18. Be3 Kh8 19. Ncd5 Nxd5 20. Nxd5 Bh4 21. Qxd6
Re6 22. Qxc5 Rc8 23. Qd4 Rxc2 24. Rxf7 Rg6 25. Nf4 Rf6 26. Rxd7 Qf8 27. Rd8 Rc8
28. Rxf8+ Rcxf8 29. Rc1 {Zeit}  1-0

[Event "1. OEsterreichische Internet Schach Meisterschaft - Vorrunde 1"]
[Site "Online - Playchess.com"]
[Date ""]
[Round "5"]
[Board "69"]
[White "Staudacher, Karl-Heinz"]
[Black "Reyhani, Adel"]
[Result "0-1"]
[WhiteElo "1734"]
[BlackElo "1918"]
[PlyCount "96"]
[EventDate "2020.04.11"]
[EventRounds "9"]
[EventCountry "AUT"]

1. Nf3 d6 2. g3 Nf6 3. Bg2 g6 4. O-O Bg7 5. c4 O-O 6. Nc3 c5 7. b3 Nc6 8. Bb2
a6 9. a3 Rb8 10. Rc1 Bd7 11. Ba1 b5 12. d3 b4 13. axb4 Nxb4 14. Nh4 Qc7 15. Ne4
Nxe4 16. Bxg7 Kxg7 17. Bxe4 f5 18. Bg2 e5 19. Qd2 h6 20. f4 Bc6 21. Bh3 e4 22.
d4 Qe7 23. d5 Bd7 24. Qc3+ Qf6 25. Qxf6+ Kxf6 26. Ra1 Ra8 27. Ra5 Nc2 28. Kf2
g5 29. fxg5+ hxg5 30. Ng2 g4 31. Ne3 Nxe3 32. Kxe3 gxh3 33. Rf4 Ke5 34. Ra1
Rfb8 35. Rb1 a5 36. Rh4 a4 37. Rxh3 a3 38. Rh5 a2 39. Ra1 Rxb3+ 40. Kd2 Kd4 41.
Rh7 Rb2+ 42. Kc1 Rxe2 43. Rxd7 Re1+ 44. Kb2 Rb8+ 45. Kxa2 Ra8+ 46. Kb2 Rexa1
47. Rxd6 Kxc4 48. Rd7 R8a2#  0-1

[Event "1. OEsterreichische Internet Schach Meisterschaft - Vorrunde 1"]
[Site "Online - Playchess.com"]
[Date ""]
[Round "5"]
[Board "71"]
[White "Ussar, Reinhard"]
[Black "Kienboeck, Samuel"]
[Result "1-0"]
[WhiteElo "1676"]
[BlackElo "1056"]
[PlyCount "37"]
[EventDate "2020.04.11"]
[EventRounds "9"]
[EventCountry "AUT"]

1. e4 e5 2. Nf3 Nc6 3. d4 exd4 4. Nxd4 Bc5 5. Be3 Bb6 6. Nxc6 bxc6 7. Nc3 Nf6
8. Bd3 d5 9. O-O d4 10. e5 Nd7 11. Qg4 dxe3 12. Qxg7 exf2+ 13. Kh1 Rf8 14. Bxh7
Qh4 15. e6 Nf6 16. exf7+ Rxf7 17. Bg6 Nh7 18. Qxf7+ Kd8 19. Qe8#  1-0

[Event "1. OEsterreichische Internet Schach Meisterschaft - Vorrunde 1"]
[Site "Online - Playchess.com"]
[Date ""]
[Round "5"]
[Board "72"]
[White "Mittelbach, Eduard"]
[Black "Tischler, Michel"]
[Result "0-1"]
[WhiteElo "1667"]
[BlackElo "1517"]
[PlyCount "64"]
[EventDate "2020.04.11"]
[EventRounds "9"]
[EventCountry "AUT"]

1. e4 c5 2. Nc3 Nc6 3. Bb5 g6 4. Bxc6 dxc6 5. Nge2 Bg7 6. f4 Nf6 7. Ng3 O-O 8.
O-O Qc7 9. d3 Re8 10. e5 Nd5 11. Nce4 b6 12. c4 Nb4 13. a3 Na6 14. b3 Rd8 15.
Bb2 Qb8 16. f5 Bxe5 17. Bxe5 Qxe5 18. fxg6 hxg6 19. Qf3 Be6 20. Rae1 Qb2 21.
Ng5 Qf6 22. Qe3 Qd4 23. Nxe6 fxe6 24. Qxd4 Rxd4 25. Rxe6 Rxd3 26. Rxg6+ Kh7 27.
Re6 Rxb3 28. Rf7+ Kg8 29. Rexe7 Rd8 30. Nf5 Rd1+ 31. Kf2 Rb2+ 32. Kg3 Rd3+  0-1

[Event "1. OEsterreichische Internet Schach Meisterschaft - Vorrunde 1"]
[Site "Online - Playchess.com"]
[Date ""]
[Round "5"]
[Board "73"]
[White "Pedevilla, Luis"]
[Black "Klinglmair, Guenter"]
[Result "1-0"]
[WhiteElo "1650"]
[BlackElo "1483"]
[PlyCount "55"]
[EventDate "2020.04.11"]
[EventRounds "9"]
[EventCountry "AUT"]

1. e4 c6 2. d4 d5 3. Nc3 dxe4 4. Nxe4 Bf5 5. f3 e6 6. c3 Nd7 7. Bd3 Rc8 8. Ne2
Bxe4 9. fxe4 f6 10. O-O Bd6 11. Bf4 Bxf4 12. Nxf4 Ne7 13. Nxe6 Qb6 14. Nxg7+
Kf7 15. Nf5 Rhg8 16. Nd6+ Kf8 17. Nxc8 Nxc8 18. Bc4 Rg7 19. Be6 Qc7 20. Qh5 Nd6
21. Bxd7 Qxd7 22. Rxf6+ Rf7 23. Rxf7+ Nxf7 24. Rf1 Qe6 25. d5 Qg6 26. Qxg6 hxg6
27. d6 Ke8 28. Rxf7 {Snailien gibt auf}  1-0

[Event "1. OEsterreichische Internet Schach Meisterschaft - Vorrunde 1"]
[Site "Online - Playchess.com"]
[Date ""]
[Round "5"]
[Board "74"]
[White "Kipman, Felix"]
[Black "Kanzian, Heinz"]
[Result "0-1"]
[WhiteElo "1576"]
[BlackElo "1642"]
[PlyCount "60"]
[EventDate "2020.04.11"]
[EventRounds "9"]
[EventCountry "AUT"]

1. e4 e5 2. Nf3 d6 3. d4 exd4 4. Nxd4 Be7 5. Nc3 Bf6 6. Bc4 Ne7 7. O-O O-O 8.
Be3 Nbc6 9. Qd2 Nxd4 10. Bxd4 Bxd4 11. Qxd4 Nc6 12. Qe3 Be6 13. Nd5 Rb8 14.
Rfe1 a6 15. Red1 Ne5 16. Qc3 Nxc4 17. Qg3 Nxb2 18. Rdb1 Nc4 19. Nf4 Qf6 20. Nh5
Qg6 21. Qh4 Nd2 22. Re1 Nc4 23. Nf4 Qh6 24. Qg3 Na3 25. Nd3 Nxc2 26. Rac1 Nxe1
27. Rxc7 Nxd3 28. Qxd3 Rbc8 29. Qxd6 Rxc7 30. Qxc7 Rc8 {Fk02 gibt auf}  0-1

[Event "1. OEsterreichische Internet Schach Meisterschaft - Vorrunde 1"]
[Site "Online - Playchess.com"]
[Date ""]
[Round "5"]
[Board "75"]
[White "Schroettner, Tobias Julian"]
[Black "Katter, Marlene"]
[Result "1-0"]
[WhiteElo "1503"]
[BlackElo "1609"]
[PlyCount "147"]
[EventDate "2020.04.11"]
[EventRounds "9"]
[EventCountry "AUT"]

1. e4 e6 2. d4 d5 3. exd5 exd5 4. Nf3 Nf6 5. Bd3 Bd6 6. Qe2+ Qe7 7. Qxe7+ Bxe7
8. Bg5 O-O 9. O-O h6 10. Bh4 Be6 11. Re1 Nc6 12. c3 Rfe8 13. Nbd2 Bg4 14. h3
Bh5 15. Ne5 Nxe5 16. Rxe5 Bd6 17. Bxf6 Bxe5 18. Bxe5 f6 19. Bxc7 Be2 20. Bg6
Re7 21. Re1 Rxc7 22. Rxe2 Rd8 23. Nf3 Kf8 24. Nh4 Re7 25. Rxe7 Kxe7 26. Nf5+
Kd7 27. Ne3 Kd6 28. Kf1 a6 29. Bf7 Kc6 30. Bxd5+ Rxd5 31. Nxd5 Kxd5 32. b3 b5
33. Ke2 b4 34. cxb4 Kxd4 35. Kd2 Kd5 36. a3 g6 37. Kd3 f5 38. a4 g5 39. b5 axb5
40. axb5 Kc5 41. b4+ Kxb5 42. Kd4 Kxb4 43. Ke5 f4 44. Kf5 Kc4 45. Kg6 Kd3 46.
Kxh6 Ke2 47. Kxg5 Kxf2 48. Kxf4 Kxg2 49. h4 Kh3 50. h5 Kh4 51. h6 Kh5 52. h7
Kg6 53. h8=R Kg7 54. Rh5 Kg6 55. Kg4 Kf6 56. Ra5 Ke6 57. Kf4 Kd6 58. Ke4 Kc6
59. Kd4 Kb6 60. Rh5 Kc6 61. Rg5 Kb6 62. Kc4 Ka6 63. Kb4 Kb6 64. Rg6+ Kc7 65.
Kb5 Kd7 66. Kc5 Ke7 67. Kd5 Kf7 68. Ra6 Ke7 69. Rb6 Kf7 70. Ke5 Kg7 71. Kf5 Kf7
72. Rb7+ Ke8 73. Ke6 Kd8 74. Rh7 {Chachacha7 gibt auf}  1-0

[Event "1. OEsterreichische Internet Schach Meisterschaft - Vorrunde 1"]
[Site "Online - Playchess.com"]
[Date ""]
[Round "5"]
[Board "77"]
[White "Kessler, Manuel"]
[Black "Kozissnik, Christian"]
[Result "1-0"]
[WhiteElo "1731"]
[BlackElo "2023"]
[PlyCount "75"]
[EventDate "2020.04.11"]
[EventRounds "9"]
[EventCountry "AUT"]

1. e4 d6 2. d4 g6 3. c4 Bg7 4. Nc3 Nd7 5. f4 e5 6. fxe5 dxe5 7. d5 Ne7 8. Nf3
O-O 9. Be2 a6 10. a4 b6 11. O-O Bb7 12. Be3 Nc8 13. Qd2 Re8 14. Bh6 Bh8 15. Bg5
f6 16. Bh4 Nd6 17. Ne1 Nc5 18. Bd3 Bg7 19. Rb1 Rf8 20. b4 Nxd3 21. Qxd3 Qd7 22.
c5 Nxe4 23. Qxe4 f5 24. Qc4 b5 25. axb5 axb5 26. Qxb5 Qxb5 27. Nxb5 Ba6 28.
Nxc7 Bxf1 29. Kxf1 Rac8 30. d6 e4 31. b5 Bd4 32. c6 Bb6 33. Ne6 Rf7 34. d7 Ra8
35. d8=Q+ Bxd8 36. Nxd8 h6 37. Nxf7 Kxf7 38. c7  1-0